| 000 | 00976cam a2200253 i 4500 | ||
|---|---|---|---|
| 003 | SA-RiAUC | ||
| 005 | 20260313113042.0 | ||
| 008 | 260312s1938 ua g 00000bara c | ||
| 040 |
_aSA-RiAUC _bara _cSA-RiAUC _erda |
||
| 082 | 0 | 4 | _a234 |
| 090 |
_aم ن 234 _bم ح م |
||
| 100 | 1 |
_aمحمد نصيف، محمد بن حسين بن عمر، _d1302-1391 هجري _eمؤلف. |
|
| 245 | 1 | 2 |
_aالكوثري وتعليقاته / _cبقلم محمد نصيف. |
| 264 | 1 |
_aالقاهرة : _bمكتبة ومطبعة الفقيه، _c1938 |
|
| 300 |
_a20 صفحة ؛ _c29 سم |
||
| 336 |
_aنص _btxt _2rdacontent _3كتاب |
||
| 337 |
_aبدون وسيط _bn _2rdamedia |
||
| 338 |
_aمجلد _bnc _2rdacarrier |
||
| 600 | 1 | 7 |
_aالكوثري، محمد زاهد بن الحسن، _d1879-1952 _2aucnm |
| 650 | 7 |
_aالصفات (علم الكلام) _2aucsh |
|
| 650 | 7 |
_aعلم الكلام _2aucsh |
|
| 942 |
_2ddc _cRBOOK COPY _n0 |
||
| 949 |
_aSA-JeALM _d260312 _umohamedma123 _n1 |
||
| 999 |
_c14543 _d14543 |
||